• 首页
  • 本馆介绍
  • 公告通知
  • 最新文献
  • 馆藏检索
  • 电子资源
  • 读者导购
  • 参考咨询
  • 我的图书馆
  • 登录
  • 详细信息显示
  • 放入我的书架
  • 预约/预借图书
  • 作者相关作品
  • 分类相关作品
  • 丛书相关作品
  • 出版社相关作品

书目信息

  • 表格格式
  • 工作单格式
  • 卡片格式
题名:
隋文帝杨坚传
    
 
作者: 杨秀 著
分册:  
出版信息: 北京   台海出版社  2016
页数: 264页
开本: 24cm
丛书名:
单 册:
中图分类: I253.8 , K827=41
科图分类:
主题词: 皇帝--传记--中国--隋代
电子资源:
ISBN: 978-7-5168-0974-7
000 01170nam0 2200277 450
001 012001001845
005 20140921103355.0
010    @a978-7-5168-0974-7@dCNY29.80
100    @a20160826d2016 em y0chiy50 ea
101 0  @achi
102    @aCN@b110000
105    @ay z 000zy
106    @ar
200 1  @a隋文帝杨坚传@9sui wen di yang jian zhuan@f杨秀著
210    @a北京@c台海出版社@d2016
215    @a264页@d24cm
314    @a杨秀,80后。
330    @a本书清清楚楚地告诉你杨坚是怎样结束华夏大地二百七十多年的战乱,又是怎样在10年内建立起一个民富国强的大隋王朝的。杨坚第一个倡导科举制度,以选拔优秀的人才,被世人称为中国历史上的第五大发明。杨坚建立的大隋王朝是中国历史上版图最大的时期;杨坚统一中国后,又创造了三省六部的政体框架,影响深远,可见杨坚的勤政和睿智。杨坚和所有的圣明君主一样,也犯有一些历史错误。他选择了花言巧语的杨广为太子,最后断送了大隋基业,也掩盖了他在历史上璀灿的光辉。
606 0  @a皇帝@x传记@y中国@z隋代
610 0  @a传记文学@y中国@z当代
610  0 @a隋文帝@f(541-604)@x传记
690    @aI253.8@v5
690    @aK827=41@v5
701  0 @a杨秀@9yang xiu@4著
801  0 @aCN@b上海新华@c20180901
905    @b1157120-4@dI253.8@e1056@f5
    
    隋文帝杨坚传/杨秀著.-北京:台海出版社,2016
    264页;24cm
    
    
    ISBN 978-7-5168-0974-7:CNY29.80
    本书清清楚楚地告诉你杨坚是怎样结束华夏大地二百七十多年的战乱,又是怎样在10年内建立起一个民富国强的大隋王朝的。杨坚第一个倡导科举制度,以选拔优秀的人才,被世人称为中国历史上的第五大发明。杨坚建立的大隋王朝是中国历史上版图最大的时期;杨坚统一中国后,又创造了三省六部的政体框架,影响深远,可见杨坚的勤政和睿智。杨坚和所有的圣明君主一样,也犯有一些历史错误。他选择了花言巧语的杨广为太子,最后断送了大隋基业,也掩盖了他在历史上璀灿的光辉。
●
相关链接 在E读中查询图书 在五车中查询图书 在当当中查询图书 在豆瓣中查询图书


正题名:隋文帝杨坚传     索取号:I253.8/1056         预约/预借

序号 登录号 条形码 馆藏地/架位号 状态 备注
1 1157120   211571208   第一样本阅览室/ [索取号:I253.8/1056] 在馆    
2 1157121   211571217   第二借阅区/ [索取号:I253.8/1056] 在馆    
3 1157122   211571226   第二借阅区/ [索取号:I253.8/1056] 在馆    
4 1157123   211571235   密集书库-文学院/ [索取号:I253.8/1056] 在馆    
5 1157124   211571244   第二借阅区/ [索取号:I253.8/1056] 在馆    
唐山师范学院图书馆 欢迎您!
大连网信软件有限公司© 版权所有